000 00802nam a22002177a 4500
999 _c2510
_d2510
003 AR-CdUCM
008 190304b ||||| |||| 00| 0 spa d
040 _aMUNICIPALIDAD PROVINCIAL DEL CUSCO
_cBIBLIOTECA MUNICIPAL DEL CUSCO
082 _22ed.
_a372.4 /
_bS72
100 _aSousa Ferraz, Joao de
_98920
245 _aNociones de psicología del niño /
260 _aBuenos Aires :
_bAméricalee,
_c1958.
300 _a245 paginas ;
_c20 cm.
505 _aLa psicología infantil -- Método de la psicología infantil -- Fases típicas del desarrollo infantil -- La emotividad infantil ...
650 _aPsicología del niño.
_95112
650 _aLenguaje y pensamiento
_98921
650 _aSugestión y simpatía
_98922
700 _aSosa, M. J. de
_98923
942 _2ddc
_cLIBROS
945 _aacv